US commemorative half dollars - Statistics

General Stats
  • This quiz has been taken 3 times
  • The average score is 16 of 48
Answer Stats
Years minted Type % Correct
1937 Battle of Antietam 75th Anniversary
67%
1936 Battle of Gettysburg 75th Anniversary
67%
1946-1951 Booker T. Washington
67%
1951-1954 Booker T. Washington & George Washington Carver
67%
1936 Bridgeport, Connecticut Centennial (P.T. Barnum)
67%
1925 California Diamond Jubilee
67%
1892-1893 Columbian Exposition, Chicago (Columbus)
67%
1936 Columbia, S.C. Sesquicentennial
67%
1918 Illinois Centennial (Lincoln)
67%
1946 Iowa Statehood Centennial
67%
1926, 1928, 1933-1934, 1936-1939 Oregon Trail Memorial
67%
1920-1921 Pilgrim Tercentenary (Mayflower)
67%
1925 Stone Mountain Memorial
67%
1934-1938 Texas Centennial
67%
1926 US Sesquicentennial (Washington, Coolidge)
67%
1935-1939 Arkansas Centennial
33%
1936 Arkansas Centennial (Robinson)
33%
1936 Cincinnati Music Center
33%
1937 Colonization of Roanoke Island, N.C. 350th anniv.
33%
1935 Connecticut Tercentenary
33%
1936 Elgin, Illinois Centennial
33%
1922 Grant Memorial
33%
1928 Hawaiian Sesquicentennial
33%
1920 Maine Centennial
33%
1934 Maryland Tercentenary
33%
1921 Missouri Centennial
33%
1923 Monroe Doctrine Centennial
33%
1935 Old Spanish Trail
33%
1915 Panama-Pacific Exposition
33%
1936 Rhode Island Tercentenary
33%
1935-1936 San Diego-Pacific International Exposition
33%
1927 Vermont Sesquicentennial
33%
1936 Wisconsin Territorial Centennial
33%
1921 Alabama Centennial
0%
1936 Albany, N.Y. Charter 250th Anniversary
0%
1936 Cleveland - Great Lakes Exposition
0%
1934-1938 Daniel Boone Bicentennial
0%
1936 Delaware Tercentenary
0%
1925 Fort Vancouver Centennial
0%
1935 Hudson, N.Y. Sesquicentennial
0%
1924 Huguenot-Walloon Tercentenary
0%
1925 Lexington-Concord Sesquicentennial
0%
1936 Long Island Tercentenary
0%
1936 Lynchburg, VA Sesquicentennial
0%
1938 New Rochelle, N.Y. Settlement 250th anniversary
0%
1936 Norfolk, VA Bicentennial
0%
1936 San Francisco - Oakland Bay Bridge
0%
1936 York County, Maine Tercentenary
0%
No matching quizzes found
Score Distribution
Percent of People with Each Score
Percentile by Number Answered
Your Score History
You have not taken this quiz